Les difficultés de réforme des échanges extérieurs russes.
Krach výmeny tovarov so zahraničím. Produkcia a vývoz ropy. Zahraničný obchod ZSSR a Ruskej federácie v r. 1988-1991. Situácia v r. 1992. Nestálosť terajšej finančnej situácie Ruska. Platobná bilancia ZSSR v r. 1990 a 1991. Nový režim zahraničného obchodu Ruska. Rozličné reformy od "perestrojky". Ob...
Salvato in:
| Autore principale: | |
|---|---|
| Natura: | Capitolo di libro |
| Lingua: | francese |
| Soggetti: | |
| Tags: |
Nessun Tag, puoi essere il primo ad aggiungerne!!
|
MARC
| LEADER | 00000naa a2200000 4500 | ||
|---|---|---|---|
| 001 | r013411 | ||
| 005 | 20221213085346.4 | ||
| 041 | 0 | |a fre | |
| 044 | |a FR | ||
| 245 | 1 | 0 | |a Les difficultés de réforme des échanges extérieurs russes. |c H. Machowski |
| 520 | |a Krach výmeny tovarov so zahraničím. Produkcia a vývoz ropy. Zahraničný obchod ZSSR a Ruskej federácie v r. 1988-1991. Situácia v r. 1992. Nestálosť terajšej finančnej situácie Ruska. Platobná bilancia ZSSR v r. 1990 a 1991. Nový režim zahraničného obchodu Ruska. Rozličné reformy od "perestrojky". Obmedzená a neistá liberalizácia. (DIW, Economic bulletin 1992, č.8, zv.29.). | ||
| 610 | 2 | 0 | |a obchod zahraničný |
| 610 | 2 | 0 | |a Rusko |
| 610 | 2 | 0 | |a ZSSR |
| 610 | 2 | 0 | |a Spoločenstvo nezávislých štátov |
| 610 | 2 | 0 | |a 1988-1992 |
| 610 | 2 | 0 | |a ropa |
| 610 | 2 | 0 | |a vývoz |
| 610 | 2 | 0 | |a dovoz |
| 610 | 2 | 0 | |a východná Európa |
| 610 | 2 | 0 | |a bilancia platobná |
| 610 | 2 | 0 | |a reformy hospodárske |
| 610 | 2 | 0 | |a liberalizácia |
| 610 | 2 | 0 | |a údaje štatistické |
| 100 | 1 | |a Machowski, H. | |